000 00768nam a22002417a 4500
001 3299
003 FISKH
005 20240226150333.0
008 240226b cb ||||| |||| 00| 0 eng d
040 _aFISK
_beng
_cFISK
_dFISK
050 _aPZ7.S86037
082 _a813.6
100 _aStine R.L :
_d1943
245 _aDeep Trouble /
_cR.L Stine
260 _aNew York :
_bScholastic,
_c1994
300 _a117 pages :
_b20 cm :
490 _3Goosebumps
501 _aH
520 _aWhile visiting his uncle, Dr. Deep, on a tiny Caribbean island, Billy goes exploring underwater, ignoring warnings to stay away from the coral reef, and is stalked by a half-human, half-fish predator.
521 8 _a470
_bH
700 _aR.L Stine
942 _2ddc
_cBK
_n0
999 _c3299
_d3299